Responses for Show #9120 - Friday, June 7, 2024

Adriana Harmeyer game 8.

Contestants

[<< previous game]

Amogha Tadimety, a biotech startup founder from Cambridge, Massachusetts

Kevin Stuhlmann, a pastor from Rochester Hills, Michigan

Adriana Harmeyer, an archivist from West Lafayette, Indiana (whose 7-day cash winnings total $155,700)

[next game >>]

Jeopardy! Round responses

THAT'S SO 1990s
MICHIGAN
4-SYLLABLE WORDS
I GOT RHYTHM
(Ken: I, in fact, do not.)
THE MAIL PERSPECTIVE
TV COUPLING
(Ken: You'll need to name the TV show that featured each of these couples.)
    $200 3
Iraq

Adriana
    $200 16
(Kevin: Okay, since I'm a resident of Michigan, let's try MICHIGAN for $200.)
(Ken: There we go, home court advantage.)

Lansing

Adriana
    $200 19
anonymous

Kevin
    $200 9
meter

Adriana
    $200 23
ZIP codes

Adriana
    $200 1
Sex and the City

Amogha
    $400 8
Tony Blair

Adriana
    $400 17
Kalamazoo

Amogha
    $400 2
a monastery

Adriana
    $400 18
(Adriana: What is rock and roll?)

rhythm & blues

Adriana
Triple Stumper
    $400 30
postmaster general

Adriana
    $400 7
Grey's Anatomy

Amogha
    $600 10
IBM

Kevin
    $600 20
Sault Ste Marie

Adriana
    $2,000 13
(Ken: Adriana?)
(Adriana: No.)

pedestrian

Adriana
    $600 24
Jackson Pollock

Adriana
    $600 29
the Pony Express

Adriana
    $600 4
Our Flag Means Death

Adriana
    $800 11
Centennial Olympic Park

Triple Stumper
    $800 21
(Ken: Yes, you didn't get shut out in MICHIGAN, I'm happy to see.)
[Laughter]

Grand Rapids

Kevin
    $800 14
inclination

Kevin
    $800 25
cadences

Triple Stumper
    $800 28
Bed Bath & Beyond

Triple Stumper
    $800 5
The Brady Bunch

Adriana
    $1000 12
Waco

Adriana
    $1000 22
Battle Creek

Kevin
    $1000 15
necrophobic

Triple Stumper
    $1000 26
circadian rhythm

Adriana
    $1000 27
parcel post

Kevin
    $1000 6
Game of Thrones

Adriana

Scores at the first commercial break (after clue 15):

Adriana Kevin Amogha
$2,600 $1,400 $600

Scores at the end of the Jeopardy! Round:

Adriana Kevin Amogha
$5,800 $4,400 $1,000

Double Jeopardy! Round responses

BIBLICAL GEOGRAPHY
BRAVING THE ELEMENTS' SYMBOLS
MOVIES' OPENING LINES
AMERICANA
A LITTLE KNOWLEDGE
A DANGEROUS THING
    $400 7
Bethlehem

Kevin
    $400 16
silver

Adriana
    $400 6
(Kevin: BIBLICAL GEOGRAPHY for $400, please.)
(Ken: Yeah, I thought you might select that, Pastor.)

Braveheart

Kevin
    $400 12
a patent

Amogha
    $400 17
today I learned

Adriana
    $400 30
bacteria

Kevin
    $800 8
Egypt

Adriana
    $800 1
(Amogha: What is oxygen?)
...
(Ken: We needed the symbol, Amogha, sorry.)

O

AdrianaAmogha
    $800 2
Black Swan

Adriana
    $800 22
the Arizona

Kevin
    $800 18
encyclopedic

Adriana
    $800 26
a viper

Amogha
    $1200 9
Cana

Kevin
    $1,000 13
(Amogha: What is argon?)
(Ken: No, I'm sorry, argon's Ar; it's B for [*], in fact.)

boron

Amogha
    $1200 3
The Breakfast Club

Adriana
    $1200 23
Naismith

Adriana
    $1200 19
rote

Adriana
    $1200 27
(Kevin: What is turbulence?)

a wind shear

Kevin
Triple Stumper
    $1600 10
(Ken: The [*]ians, correct.)

Corinth

Kevin
    $1600 14
palladium

Amogha
    $1600 4
Stand By Me

Adriana
    $1600 24
New Mexico

Adriana
    $1600 20
versed

Amogha
    $1600 28
clear & present

Kevin
    $2000 11
Babylon

Kevin
    $2000 15
zirconium

Amogha
    $3,000 5
Patton

Adriana
    $2000 25
he kept us out of war

Triple Stumper
    $2000 21
(Amogha: What is a... crypt?)

a repository

Amogha
Triple Stumper
    $2000 29
IEDs

Kevin

Scores at the end of the Double Jeopardy! Round:

Adriana Kevin Amogha
$19,600 $13,600 $3,600

[wagering suggestions for these scores]

Final Jeopardy! Round responses

WORLD LEADERS
(Ken: [To Amogha] And we will be accepting that... Nixon's famous trip to China.)
...
(Ken: [To Kevin] Right country, wrong leader.)
AmoghaWho is Zhedong?
$1,600
KevinWho is Deng?
$6,300
AdrianaWho is Mao Zedong?
$7,800
Chairman Mao Zedong

Final scores:

Adriana Kevin Amogha
$27,400 $7,300 $5,200
8-day champion: $183,100 2nd place: $3,000 3rd place: $2,000

Game dynamics:

Coryat scores:

Adriana Kevin Amogha
$20,600 $13,600 $4,600
27 R
(including 1 DD),
2 W
(including 1 DD)
15 R,
1 W
8 R,
3 W
(including 1 DD)

Combined Coryat: $38,800

[game clues] [game scores] [suggest correction]

Game tape date: 2024-05-06
The J! Archive is created by fans, for fans. Scraping, republication, monetization, and malicious use prohibited; this site may use cookies and collect identifying information. See terms. The Jeopardy! game show and all elements thereof, including but not limited to copyright and trademark thereto, are the property of Jeopardy Productions, Inc. and are protected under law. This website is not affiliated with, sponsored by, or operated by Jeopardy Productions, Inc. Join the discussion at JBoard.tv.